Регионална библиотека "Любен Каравелов" - Русе

Ванга (Запис номер 8012)

MARC детайли
000 -Лидер
Контролно поле с фиксирана дължина 01710nam a2200385 c 4500
003 - Код на организацията, давaща контролен номер
Контролно поле BLK
005 - Дата и час на последна редакция
Контролно поле 20180422093921.0
008 - Елементи от данни с фиксирана дължина
fixed length control field 180412b bul|||||r ||||||| ||bul||
010 ## - Наследен системен номер
LC control number KNG00009347000
020 ## - Международен стандартен номер на книга ISBN
Международен стандартен номер на книга ISBN 978-954-321-815-8
-- издат.: Изток-Запад
040 ## - Източник на каталожния запис
Идентификатор на билиотеката - собственик на записа BLK
041 ## - Код за език
Код за езика на текст/звукозапис или на отделно заглавие Български
Код за езика КДБФ Български
072 #7 - Код за тематичната категория
Код организация bullib
Код за тематична категория Н15
Текст Психология Н
080 ## - УДК
Текстов определител УДК Парапсихология. Нумерология. - Халюцинации, пророчества, предсказания, магии, демонология, телепатия, спиритизъм, илюзии, нумерология, мошеничество. Вж и 133 ; 398.4 ; 615.851
УДК код - определител по УДК 159.961
УДК определител (497.2)(092)
УДК - код + определител 159.961(497.2)(092)
080 ## - УДК
Текстов определител УДК Вангелия Пандева Гущерова, българска пророчица и лечителка
УДК код - определител по УДК 929 Ванга
УДК определител
УДК - код + определител 929 Ванга
100 1# - Редна дума - Автор
Автор Теодорова, Светла Евгениева
Авторска отговорност първи автор
R(LIN) 364152
139 ## - Редно поле
Редна дума Теодорова, Светла Евгениева
Авторски знак Ван - В 19
245 10 - Сведения за заглавието
Заглавие Ванга
Подзаглавни данни Отвъд предела
Редно поле (дума) Светла Евгениева Теодорова.
257 ## - Страна на издаване
Страна на създаване/издаване България
260 ## - Област на издателските данни
-- София
Име на издателя, разпространителя и проч. Изток-Запад
Година на издаване 2011
300 ## - Физическа характеристика
Страници 332 с., VІІІ с.
Илюстрации и др. с ил., сх.
Размери/Мащаб 22 см
380 ## - Жанр
Жанр Философия
500 ## - Общи забележки
Забележка Библиогр. с. 325-331.
600 14 - Име на лице, използвано като предмет
За него / За нея Ванга
9 (RLIN) 252838
650 #4 - Допълнително описание по предмет – тема
Основно описание – тема или топоним Ванга
9 (RLIN) 252838
650 #4 - Допълнително описание по предмет – тема
Основно описание – тема или топоним Парапсихология
9 (RLIN) 165687
653 ## - Ключова дума – ненормативна
Ключова дума парапсихология
653 ## - Ключова дума – ненормативна
Ключова дума Ванга
659 ## - Тематичен бюлетин
Тематичен бюлетин Н
852 ## - Местоположение
Форматна сигнатура Цб 258270
856 4# - Електронен адрес и достъп
Електронен формат pdf - файл
Път до файла /url/
856 4# - Електронен адрес и достъп
Електронен формат pdf - файл
Път до файла /url/
942 ## - АРТИКУЛИ
Вид на библиотечния материал Книги
Скрит в OPAC Не
944 ## - СЪЗДАВАНЕ И РЕДАКЦИЯ на ЗАПИСА
Създаване/Редакция Създаване
Дата на регистрацията/редакция 13.02.2013
Служител, извършил регистрацията/редакцията Милена_Ачева
944 ## - СЪЗДАВАНЕ И РЕДАКЦИЯ на ЗАПИСА
Създаване/Редакция Редакция
Дата на регистрацията/редакция 09.07.2013
Служител, извършил регистрацията/редакцията
999 ## - СИСТЕМНИ КОНТРОЛНИ НОМЕРА
Koha biblionumber 8012
Koha biblioitemnumber 8012
Наличности
Код за отписване Код за изгубен артикул Код за повреда Коз за рестрикции Код за отдаване Артикулен № Име на библиотеката - собственик Име на библиотеката, в която се намира в момента Статус (Текущо местоположение) Дата на вписване в системата Местоположение - отдел Цена в лева Инвентарен номер Систематично азбучна сигнатура Баркод Номер на екземпляра Цена в евро Служебна бележка Служебен тип на артикула
  Не е изгубен Не е повреден без рестрикции ползва се в читалня 13814 Регионална библиотека "Любен Каравелов" Русе Регионална библиотека "Любен Каравелов" Русе Хранилище 2013-02-11 Хранилище 17.00 120000763904 Цб 258270 120000763904 1 8.69 Дост: Dp Вид: Д N: 43 Дата: 24.10.2011 Книги
Vip Innovations Ltd, Rousse, Bulgaria 2025